ロード中...
| LEADER | 00380nam a22001217a 4500 | ||
|---|---|---|---|
| 020 | |a 9781259097447 | ||
| 082 | |a 330 |b SAM/MI | ||
| 100 | |a Samuelson,Paul A | ||
| 245 | |a Microeconomics | ||
| 260 | |a new delhi |b mcgraw |c 2013 | ||
| 942 | |c BK | ||
| 999 | |c 8134 |d 8134 | ||
| 952 | |0 0 |1 0 |4 0 |6 330_000000000000000_SAM_MI |7 0 |8 NFIC |9 10726 |a KUFOS |b KUFOS |c GEN |d 2016-07-04 |o 330 SAM/MI |p 15225 |r 2016-07-04 |w 2016-07-04 |y BK | ||